• 首页
  • 本馆介绍
  • 公告通知
  • 最新文献
  • 馆藏检索
  • 电子资源
  • 读者导购
  • 参考咨询
  • 我的图书馆
  • 登录
  • 详细信息显示
  • 放入我的书架
  • 预约/预借图书
  • 作者相关作品
  • 分类相关作品
  • 丛书相关作品
  • 出版社相关作品

书目信息

  • 表格格式
  • 工作单格式
  • 卡片格式
题名:
童年的秘密
    
 
作者: 蒙台梭利 著 ;马荣根 译
分册:  
出版信息: 北京   人民教育出版社  2005
页数: 27,214页
开本: 21cm
丛书名: 外国教育名著丛书
单 册:
中图分类: G610
科图分类:
主题词: 早期教育--教育理论 , 早期教育 , 教育理论
电子资源:
ISBN: 978-7-107-17475-9
000 01085oam2 2200325 450
001 100428185152
005 20110111095134.06
010    @a978-7-107-17475-9@dCNY17.80
100    @a20050416d2005 em y0chiy0110 ea
101 1  @achi@cita
102    @aCN@b110000
105    @aa z 000yy
106    @ar
200 1  @a童年的秘密@Atong nian de mi mi@f(意)玛丽亚·蒙台梭利(Maria Montessori)著@g马荣根译
205    @a2版
210    @a北京@c人民教育出版社@d2005
215    @a27,214页@c照片@d21cm
225 2  @a外国教育名著丛书
305    @a据1977年版译出
330    @a本书通过对蒙台梭利幼儿之谜的探索和解答,可以让父母和教师必须去了解和认识儿童,书中提供了许多具体事例和详细的阐述。
461  0 @12001 @a外国教育名著丛书
510 1  @aThe Secret of Childhood@zeng
606 0  @a早期教育@x教育理论
606 0  @a早期教育
606 0  @a教育理论
690    @aG610@v4
701  0 @c(意)@a蒙台梭利@Ameng tai suo li@c(女, Montessori, Maria@f1870~1952)@4著
702  0 @a马荣根@Ama rong gen@4译
801  0 @aCN@bSYL@c20110111
905    @b205970494-537@h597049-53@dG42@e209=2@f5
    
    童年的秘密/(意)玛丽亚·蒙台梭利(Maria Montessori)著/马荣根译.-2版.-北京:人民教育出版社,2005
    27,214页:照片;21cm.-(外国教育名著丛书)
    
    
    ISBN 978-7-107-17475-9:CNY17.80
    本书通过对蒙台梭利幼儿之谜的探索和解答,可以让父母和教师必须去了解和认识儿童,书中提供了许多具体事例和详细的阐述。
●
相关链接 在E读中查询图书 在五车中查询图书 在当当中查询图书 在豆瓣中查询图书


正题名:童年的秘密     索取号:G42/209=2         预约/预借

序号 登录号 条形码 馆藏地/架位号 状态 备注
1 597049   205970494   第一样本阅览室/ [索取号:G42/209=2] 在馆    
2 597050   205970500   第四借阅区/ [索取号:G42/209=2] 在馆    
3 597051   205970519   第四借阅区/ [索取号:G42/209=2] 在馆    
4 597052   205970528   第四借阅区/ [索取号:G42/209=2] 在馆    
5 597053   205970537   第四借阅区/ [索取号:G42/209=2] 在馆    
唐山师范学院图书馆 欢迎您!
大连网信软件有限公司© 版权所有